[Event "Saint Quentin op 1st"]
[Site "Saint Quentin"]
[Date "2019.07.11"]
[Round "8"]
[White "Leblic, Mathieu"]
[Black "Polard, Gaetan"]
[Result "0-1"]
[WhiteElo "2100"]
[BlackElo "2267"]
[PlyCount "86"]
[EventDate "2019.07.06"]
[EventType "swiss"]
[EventRounds "9"]
[EventCountry "FRA"]
[SourceTitle "CBM 191 Extra"]
[Source "ChessBase"]
[SourceDate "2019.09.30"]
[SourceVersion "1"]
[SourceVersionDate "2019.09.30"]
[SourceQuality "1"]

1. d4 d5 2. c4 e6 3. Nf3 a6 4. cxd5 exd5 5. Nc3 h6 6. Qc2 Nf6 7. Bf4 Bd6 8. Bxd6 Qxd6 9. e3 0-0 10. Bd3 Nc6 11. a3 Bg4 12. Nd2 Rae8 13. 0-0 Bc8 14. Rfc1 Nd8 15. Na4 Ne6 16. Bf5 c6 17. Bxe6 Rxe6 18. Nc5 Re7 19. b4 Rfe8 20. Nf3 Ne4 21. a4 f5 22. Nd3 g5 23. Nfe5 Qf6 24. b5 axb5 25. axb5 cxb5 26. Qb3 Be6 27. Qxb5 f4 28. Ra7 Nd6 29. Qb4 Rd8 30. Nc5 fxe3 31. fxe3 Rf8 32. Ncd3 Nc4 33. Ng6 Qxg6 34. Qxe7 Rf7 35. Qe8+ Kg7 36. Nc5 Rf1+ 37. Rxf1 Qxe8 38. Rxb7+ Kg6 39. Rf3 Bg4 40. Rg3 Bf5 41. Rf3 g4 42. Rg3 Nxe3 43. Kf2 Nc2 0-1

[Event "Rochefort op 18th Op A"]
[Site "Rochefort"]
[Date "2019.02.16"]
[Round "1.10"]
[White "Leblic, Mathieu"]
[Black "Prie, Eric"]
[Result "1/2-1/2"]
[WhiteElo "2096"]
[BlackElo "2456"]
[PlyCount "115"]
[EventDate "2019.02.16"]
[EventType "swiss"]
[EventRounds "9"]
[EventCountry "FRA"]
[SourceTitle "CBM 189 Extra"]
[Source "ChessBase"]
[SourceDate "2019.06.03"]
[SourceVersion "1"]
[SourceVersionDate "2019.06.03"]
[SourceQuality "1"]

1. d4 Nf6 2. c4 c5 3. d5 b5 4. Qc2 bxc4 5. e4 g6 6. Bxc4 d6 7. h3 Bg7 8. Nf3 0-0 9. 0-0 Nfd7 10. Bd2 Nb6 11. Na3 Nxc4 12. Nxc4 Ba6 13. Rab1 Bxc4 14. Qxc4 a5 15. Bc3 Nd7 16. Rfe1 Nb6 17. Qb5 Qb8 18. Nd2 Qa7 19. Qd3 Qa6 20. Qxa6 Rxa6 21. Rec1 f5 22. f3 Rb8 23. Kf1 Bh6 24. b3 Kf7 25. Ke2 Nd7 26. Rc2 Bxd2 27. Kxd2 a4 28. b4 Rab6 29. Rcb2 e6 30. dxe6+ Kxe6 31. exf5+ gxf5 32. bxc5 Rxb2+ 33. Rxb2 Rxb2+ 34. Bxb2 dxc5 35. g4 Nb6 36. Kd3 fxg4 37. fxg4 Nd5 38. Kc4 Kd6 39. Bc1 Kc6 40. g5 Nb6+ 41. Kd3 Kd5 42. h4 Nd7 43. Bb2 Ne5+ 44. Bxe5 Kxe5 45. h5 Kf5 46. g6 hxg6 47. hxg6 Kxg6 48. Kc4 Kf7 49. Kxc5 Ke7 50. Kb4 Kd6 51. Kxa4 Kc6 52. Ka5 Kb7 53. a4 Ka7 54. Kb5 Kb7 55. a5 Ka7 56. a6 Kb8 57. Kb6 Ka8 58. a7 1/2-1/2

[Event "Paris-ch op-B 87th"]
[Site "Paris"]
[Date "2012.07.12"]
[Round "6"]
[White "Georgelin, Thierry"]
[Black "Leblic, Mathieu"]
[Result "0-1"]
[WhiteElo "2045"]
[BlackElo "1912"]
[PlyCount "42"]
[EventDate "2012.07.07"]
[EventType "swiss"]
[EventRounds "9"]
[EventCountry "FRA"]
[SourceTitle "EXT 2013"]
[Source "ChessBase"]
[SourceDate "2012.11.22"]
[SourceVersion "1"]
[SourceVersionDate "2012.11.22"]
[SourceQuality "1"]

1. e4 e5 2. Nc3 Nc6 3. Bc4 Nf6 4. d3 Bc5 5. f4 d6 6. Nf3 Bg4 7. h3 Bxf3 8. Qxf3 Nd4 9. Qg3 Qe7 10. fxe5 dxe5 11. Rf1 Nxc2+ 12. Kd1 Nxa1 13. Rf5 0-0-0 14. Bg5 c6 15. a4 Bd4 16. Bh4 Qb4 17. Qxg7 Qxb2 18. Qxf6 Qc2+ 19. Ke1 Bxc3+ 20. Kf1 Qd1+ 21. Kf2 Be1+ 0-1